Village receiving system and group farming practice (Record no. 3831)

000 -LEADER
fixed length control field 00426pab a2200145 454500
008 - FIXED-LENGTH DATA ELEMENTS--GENERAL INFORMATION
fixed length control field 180718b1985 xxu||||| |||| 00| 0 eng d
100 ## - MAIN ENTRY--PERSONAL NAME
Personal name Choe, Yang Boo
245 ## - TITLE STATEMENT
Title Village receiving system and group farming practice
Remainder of title Case studies in the Republic of Kores
260 ## - PUBLICATION, DISTRIBUTION, ETC.
Date of publication, distribution, etc. 1985
300 ## - PHYSICAL DESCRIPTION
Extent 104-36
362 ## - DATES OF PUBLICATION AND/OR SEQUENTIAL DESIGNATION
Dates of publication and/or sequential designation Spring
650 ## - SUBJECT ADDED ENTRY--TOPICAL TERM
Topical term or geographic name entry element Agriculture, Cooperative - Korea
773 ## - HOST ITEM ENTRY
Main entry heading Regional Development Dialoguq
909 ## -
-- 3831
Holdings
Withdrawn status Lost status Damaged status Not for loan Permanent Location Current Location Date acquired Serial Enumeration / chronology Barcode Date last seen Price effective from Koha item type
        Indian Institute of Public Administration Indian Institute of Public Administration 2018-07-19 Volume no: 6, Issue no: 1 AR3832 2018-07-19 2018-07-19 Articles

Powered by Koha